| 000 | 00424nam a2200157 4500 | ||
|---|---|---|---|
| 001 | 132828 | ||
| 003 | ES-MaACL | ||
| 005 | 20230906194247.0 | ||
| 007 | t| | ||
| 008 | 070214s1964 sp r ||||1| spa d | ||
| 100 | 1 |
_aRosales, Gerardo. _999640 |
|
| 245 | 1 | 0 |
_aPoema de Yavé / _cGerardo Rosales. |
| 260 |
_aGranada : _bVeleta del Sur, _c1964. |
||
| 300 |
_a40 p. : _bil. ; _c22 cm. |
||
| 852 |
_aES-MaACL _jC-27010 _bR.56026 |
||
| 999 |
_c132828 _d132828 |
||